000 01086nam a2200337Ia 4500
003 OSt
005 20220912145140.0
006 a|||||r|||| 00| 0
007 ta
008 220909b |||||||| |||| 00| 0 eng d
020 _a9780470027264 (hbd)
024 _a84424
037 _b1995, 18/08/2009, New India Book Agency
037 _cTextual
040 _aCSL
_beng
_cCSL
041 _aeng
082 _aB28ObG, P9
100 _aHeritier Stephane
245 0 _aRobust methods in biostatistics
260 _aChichester
_bWiley
_c2009
300 _axiv, 268p.
_ccm.
490 _aWiley series in probability and statistics
500 _aAppendices A-G, 227-248p.; References 249-264p.; Index 265-268p.
650 _a Biometry-statistical methods
650 _aStatistics
700 _a Cantoni Eva
700 _a Copt Samuel
700 _a Victoria-Feser Maria-Pia
942 _hB28ObG, P9
_cTEXL
_2CC
999 _c24458
_d24458